Score 0/37 Timer 04:00
0 Plays Today
Character % Correct
Homer Simpson
98.1%
Bart Simpson
97.1%
Marge Simpson
95.5%
Lisa Simpson
94.7%
Maggie Simpson
85.9%
Charles Montgomery Burns
80.7%
Milhouse van Houten
77.7%
Ned Flanders
72%
Moe Szyslak
71.2%
Waylon Smithers
70.6%
Abe Simpson
70.2%
Nelson Muntz
65.6%
Chief Clancy Wiggum
61%
Todd Flanders
58.4%
Barney Gumble
57.9%
Apu Nahasapeemapetilon
55.9%
Selma Bouvier
55%
Patty Bouvier
52.4%
Otto Mann
47.1%
Character % Correct
Terri
46.3%
Sherri
45.8%
Dr. Julius Hibbert
41%
Martin Prince
38.3%
Maude Flanders
35.4%
Jimbo Jones
34.7%
Jasper
34.4%
Helen Lovejoy
31.3%
Lou
25.3%
Bleeding Gums Murphy
23.2%
Dewey Largo
19.5%
Kearney
17.9%
Lewis
17.6%
Eddy
17.3%
Kent Brockman
15.4%
Herman
10.5%
Dr. Marvin Monroe
8.6%
Jacques
6.8%
Remove Ads.
Support Sporcle.
Get the best of Sporcle when you Go Orange. This ad-free experience offers more features, more stats, and more fun while also helping to support Sporcle. Thank you for becoming a member.

You're not logged in!

Compare scores with friends on all Sporcle quizzes.
OR
Log In

Sporcle TV

Today on Sporcle TV


Watch our educational content, quiz creation guides, and fun videos on Sporcle TV.

Show Comments

Extras

Top Quizzes Today


Score Distribution

Paid Content

Your Account Isn't Verified!

In order to create a playlist on Sporcle, you need to verify the email address you used during registration. Go to your Sporcle Settings to finish the process.

Report this User

Report this user for behavior that violates our Community Guidelines.

Details: